[Event "It (open)"]
[Site "masterchessopen.com Guernsey"]
[Round "0"]
[White "Ballon Guenther Jan (NED)"]
[Black "Sparreboom Willem (NED)"]
[Result "1-0"]
[WhiteElo "2183"]
[BlackElo "1951"]

1.d4 Nf6 2.c4 g6 3.Nc3 d5 4.Bf4 Bg7 5.e3 O-O 6.cxd5 Nxd5 7.Nxd5 Qxd5 8.Bxc7
Na6 9.Bxa6 bxa6 10.Nf3 Qb7 11.Rc1 Qxb2 12.Qd2 Qb5 13.Rc5 Qb1+ 14.Rc1 Qb5
15.Ne5 Be6 16.f3 Rac8 17.Kf2 f6 18.Nd3 Bc4 19.Nc5 Rxc7 20.a4 Qc6 21.Rxc4 Qd5
22.Rhc1 Rfc8 23.Qe2 f5 24.f4 g5 25.g3 g4 26.Kg1 Rc6 27.Qg2 e6 28.R4c2 Bf8
29.Qxd5 exd5 30.Kf2 Kf7 31.Ke2 Rh6 32.Kd3 Bxc5 33.Rxc5 Rxc5 34.dxc5 Rc6 35.Kd4
Ke6 36.h3 Rc7 37.hxg4 fxg4 38.Rh1 Re7 39.Rh5 Rb7 40.Rh6+ Kf5 41.Kxd5 Rd7+
42.Rd6 Re7 43.e4+ Rxe4 44.Rf6+ Kxf6 45.Kxe4 h5 46.f5 {#r} 1-0

[Event "Ch URS (juniors) (w)"]
[Site "masterchessopen.com Yevpatoria (Ukraine)"]
[Round "0"]
[White "Kadimova Ilaha (AZE)"]
[Black "Tarasova Oksana (USA)"]
[Result "1-0"]
[WhiteElo "2314"]
[BlackElo "2170"]

1.d4 Nf6 2.c4 g6 3.Nc3 d5 4.Bf4 Bg7 5.e3 O-O 6.cxd5 Nxd5 7.Nxd5 Qxd5 8.Bxc7
Nc6 9.Ne2 Bg4 10.f3 Rac8 11.Nc3 Qe6 12.Bf4 Nxd4 13.fxg4 Rfd8 14.Bd3 Nc6 15.Qb1
Qd7 16.Be2 e5 17.Bg3 Qd2+ 18.Kf2 Bh6 19.Rd1 Qxe3+ 20.Kf1 Nd4 21.Rd3 Qg5 22.Qd1
Bg7 23.Ne4 Qe7 24.g5 h6 25.h4 hxg5 26.hxg5 f6 27.gxf6 Bxf6 28.Kg1 Bh4 29.Bf1
Bxg3 30.Rxg3 {#r} 1-0

[Event "Ch Europe (juniors)"]
[Site "masterchessopen.com Denmark"]
[Round "0"]
[White "Tabernig Bernhard (AUT)"]
[Black "Achang Andrei (RUS)"]
[Result "0-1"]
[WhiteElo "2317"]
[BlackElo "2210"]

1.d4 Nf6 2.c4 g6 3.Nc3 d5 4.Bf4 Bg7 5.e3 O-O 6.cxd5 Nxd5 7.Nxd5 Qxd5 8.Bxc7
Na6 9.Bg3 Bf5 10.a3 Rac8 11.Nf3 Rc2 12.b4 Qb3 13.Be2 Qc3+ 14.Kf1 Rc8 15.b5 Nc5
16.Ne1 Nb3 17.Nxc2 Bxc2 18.Rc1 Bxd1 19.Rxc3 Bxe2+ 20.Kxe2 Rxc3 21.Rb1 e5
22.dxe5 Nc5 23.b6 Rxa3 {#R} 0-1

[Event "Tournament"]
[Site "masterchessopen.com Helsingborg (Sweden)"]
[Round "0"]
[White "Nordstrom Felix (SWE)"]
[Black "Moberg Karl Johan (SWE)"]
[Result "1-0"]
[WhiteElo "2181"]
[BlackElo "2296"]

1.d4 Nf6 2.c4 g6 3.Nc3 d5 4.Bf4 Bg7 5.e3 O-O 6.cxd5 Nxd5 7.Nxd5 Qxd5 8.Bxc7
Nc6 9.Ne2 Bg4 10.f3 Bxf3 11.gxf3 Qxf3 12.Rg1 Qxe3 13.Bf4 Qe4 14.Bg2 Qf5
15.Bxc6 bxc6 16.Qd2 Qd5 17.Bh6 Bxh6 18.Qxh6 Rfd8 19.Qe3 Rab8 20.b3 Qa5+ 21.Qd2
Qa3 22.Qc3 Rd6 23.Rg5 f5 24.Kf2 Rb5 25.h4 Qa6 26.Qc4+ Kf8 27.h5 Qb6 28.Rag1 c5
29.hxg6 hxg6 30.Rxf5+ Rf6 31.Rxf6+ Qxf6+ 32.Ke1 Qh4+ 33.Kd2 Rb6 34.dxc5 Qxc4
35.bxc4 Rb2+ 36.Kd3 Rxa2 37.Rxg6 Kf7 38.Rg1 Ke6 39.Nd4+ Kd7 40.Ke4 Ra4 41.Kd5
a5 42.Rg7 {#r} 1-0

[Event "Ch Germany (juniors) (under 15)"]
[Site "masterchessopen.com Bochum (Germany)"]
[Round "0"]
[White "Florea Dan (GER)"]
[Black "Fuhrmann Daniel (GER)"]
[Result "1-0"]
[WhiteElo "2304"]
[BlackElo "2272"]

1.d4 Nf6 2.c4 g6 3.Nc3 d5 4.Bf4 Bg7 5.e3 O-O 6.cxd5 Nxd5 7.Nxd5 Qxd5 8.Bxc7
Bf5 9.Ne2 Na6 10.Nc3 Qc6 11.Bg3 Nb4 12.Rc1 Rac8 13.f3 Rfd8 14.Bb5 Qe6 15.Qe2
a6 16.a3 Nc2+ 17.Rxc2 Bxc2 18.Qxc2 axb5 19.Qe2 Qc4 20.Qxc4 Rxc4 21.Kd2 Rdc8
22.Kd3 e6 23.Bd6 Bf8 24.Bxf8 Kxf8 25.Re1 b4 26.axb4 Rxb4 27.Re2 Ke7 28.e4 Rc6
29.Ke3 Rcb6 30.Nd1 Rd6 31.Rd2 Rdb6 32.h4 Rb3+ 33.Kf4 h6 34.Kg3 f5 35.Kf4 Kf6
36.exf5 exf5 37.Kg3 g5 38.hxg5+ Kxg5 39.d5 Rd6 40.Kf2 Kf4 41.g3+ Ke5 42.f4+
Kf6 43.Ne3 Rb5 44.Kf3 h5 45.Kf2 Rb4 46.Kf3 Rd7 47.Rh2 Kg6 48.Rd2 b5 49.Kf2 h4
50.d6 hxg3+ 51.Kxg3 Re4 52.Nd5 Re6 53.Ne7+ Kf6 54.Nc8 Re3+ 55.Kf2 Re4 56.Kf3
Ke6 57.Rh2 Rd8 58.Ne7 Rb4 59.Re2+ Kf7 60.Nxf5 Kf6 61.Ng3 Rb3+ 62.Kf2 Rh8 63.d7
Rd8 64.Ne4+ Kf7 65.Nc5 Rh3 66.Ne6 Rhh8 67.Nxd8+ Rxd8 68.Rd2 Ke6 69.Ke3 Kf5
70.b4 Ke6 71.Ke4 Kf6 72.f5 Ke7 {#r} 1-0

[Event "Tournament"]
[Site "masterchessopen.com Mesa (Spain)"]
[Round "0"]
[White "Bermejo Collado Julian (ESP)"]
[Black "Cubas Pons Juan (ESP)"]
[Result "1-0"]
[WhiteElo "2316"]
[BlackElo "2340"]

1.c4 Nf6 2.Nc3 g6 3.d4 Bg7 4.Bf4 d5 5.e3 O-O 6.cxd5 Nxd5 7.Nxd5 Qxd5 8.Bxc7
Bf5 9.Ne2 Na6 10.Nc3 Qe6 11.Ba5 Rac8 12.Be2 Nb8 13.O-O Qf6 14.Bb4 Rfd8 15.Ba3
e5 16.d5 e4 17.Bg4 Rxc3 18.bxc3 Qxc3 19.Be7 Bxg4 20.Qxg4 f5 21.Qf4 Be5 22.Qh4
Rc8 23.g4 f4 24.exf4 Bxf4 25.Rab1 Nd7 26.Rb3 Qe5 27.Rh3 h6 28.d6 e3 29.fxe3
Bxe3+ 30.Rxe3 Qxe3+ 31.Qf2 Qxf2+ 32.Rxf2 Rc1+ 33.Kg2 Rd1 34.Rc2 {#r} 1-0

[Event "It (cat.2)"]
[Site "masterchessopen.com Budapest (Hungary)"]
[Round "2"]
[White "Balogh Bela (HUN)"]
[Black "Kecskes Gabor (HUN)"]
[Result "0-1"]
[WhiteElo "2230"]
[BlackElo "2156"]

1.d4 Nf6 2.c4 g6 3.Nc3 Bg7 4.Bf4 d5 5.e3 O-O 6.cxd5 Nxd5 7.Nxd5 Qxd5 8.Bxc7
Na6 9.Bxa6 bxa6 10.Qf3 Qb5 11.Qe2 Qb7 12.Bg3 Qxg2 13.f3 Qxh1 14.O-O-O Bf5
15.e4 Bh6+ 16.Kb1 Bd7 17.b3 Rac8 18.Qf2 f5 19.Be5 fxe4 20.Qh4 Qg2 21.Qxh6 Qc2+
22.Ka1 Qxd1+ 23.Kb2 Rc2+ 24.Ka3 Qc1+ {#R} 0-1

[Event "Ch World (juniors) (under 20) (g)"]
[Site "masterchessopen.com Calicut (India)"]
[Round "0"]
[White "Kadimova Ilaha (AZE)"]
[Black "Peptan Corina-Isabela (ROM)"]
[Result "1-0"]
[WhiteElo "2314"]
[BlackElo "2421"]

1.d4 Nf6 2.c4 g6 3.Nc3 d5 4.Bf4 Bg7 5.e3 O-O 6.cxd5 Nxd5 7.Nxd5 Qxd5 8.Bxc7
Nc6 9.Ne2 Bg4 10.f3 Bxf3 11.gxf3 Qxf3 12.Rg1 Qxe3 13.Bf4 Qe4 14.Bg2 Qf5 15.Qd2
Rac8 16.Rc1 Rfd8 17.Bxc6 bxc6 18.Rg5 Qe6 19.Kf2 f5 20.Rg3 c5 21.Rd3 cxd4
22.Nxd4 Qb6 23.Rxc8 Rxc8 24.Qe3 Qxb2+ 25.Rd2 Qb4 26.Qe6+ {#r} 1-0

[Event "Ch Europe (juniors) (under 20) (g)"]
[Site "masterchessopen.com Svitavy (Czech Republic)"]
[Round "8"]
[White "Kadimova Ilaha (AZE)"]
[Black "Krupkova Petra (CZE)"]
[Result "1-0"]
[WhiteElo "2314"]
[BlackElo "2270"]

1.d4 Nf6 2.c4 g6 3.Nc3 d5 4.Bf4 Bg7 5.e3 O-O 6.cxd5 Nxd5 7.Nxd5 Qxd5 8.Bxc7
Na6 9.Bxa6 Qxg2 10.Qf3 Qxf3 11.Nxf3 bxa6 12.Ke2 f6 13.Rhg1 Bb7 14.Rac1 Rac8
15.b3 Rfe8 16.Rgd1 e6 17.b4 Bf8 18.a3 Bd5 19.Nd2 f5 20.Kd3 Kf7 21.Rc3 Re7
22.Rdc1 Rd7 23.Nc4 Bxc4+ 24.Rxc4 Bg7 25.Ke2 g5 26.Rc6 g4 27.Bd6 Rcd8 28.Bf4 a5
29.bxa5 Rb7 30.Rc7+ Rd7 31.a6 Rbxc7 32.Rxc7 Rxc7 33.Bxc7 Ke8 34.Bb8 Kd7
35.Bxa7 Kc8 36.Bc5 Kb8 37.e4 fxe4 38.Ke3 h5 39.Kxe4 Bf6 40.f3 gxf3 41.Kxf3 Ka8
42.Ke4 Bd8 43.h3 Bc7 44.Kd3 Bg3 45.Kc4 h4 46.Kb5 {#r} 1-0

[Event "Tournament"]
[Site "masterchessopen.com Provence (France)"]
[Round "6"]
[White "Lenfant Francois (FRA)"]
[Black "Gravagna Pierre (FRA)"]
[Result "1-0"]
[WhiteElo "2103"]
[BlackElo "2017"]

1.d4 Nf6 2.c4 g6 3.Nc3 d5 4.Bf4 Bg7 5.e3 O-O 6.cxd5 Nxd5 7.Nxd5 Qxd5 8.Bxc7
Na6 9.Bxa6 Qxg2 10.Qf3 Qxf3 11.Nxf3 bxa6 12.Rg1 Bb7 13.Ke2 f6 14.Rgc1 Rfc8
15.Nd2 Kf7 16.Rc2 e5 17.dxe5 fxe5 18.e4 Ke6 19.Rac1 Bh6 20.Rc5 Bf4 21.h3 Rf8
22.f3 Rf7 23.Ba5 Rg8 24.R1c2 Rd7 25.Nb3 Rgg7 26.R5c3 Rdf7 27.Nc5+ Kd6 28.Rd3+
Kc6 29.Ne6+ Kb5 30.Rc5+ {#r} 1-0

[Event "Ch World (juniors) (under 14) (g)"]
[Site "masterchessopen.com Szeged (Hungary)"]
[Round "0"]
[White "Haslinger Mandy (ENG)"]
[Black "Sorokina Anastasia (AUS)"]
[Result "1-0"]
[WhiteElo "2069"]
[BlackElo "2194"]

1.d4 Nf6 2.c4 g6 3.Nc3 d5 4.Bf4 Bg7 5.e3 O-O 6.cxd5 Nxd5 7.Nxd5 Qxd5 8.Bxc7
Nc6 9.Ne2 Bg4 10.f3 Rac8 11.Nc3 Qd7 12.Bf4 Be6 13.Be2 Nb4 14.O-O Nd5 15.Nxd5
Bxd5 16.Qd2 Qe6 17.b3 Rfd8 18.Rac1 Bc6 19.Rc2 Qd7 20.Qc1 Qf5 21.Rc5 Qe6 22.Bc4
Qd7 23.d5 e5 24.dxc6 Qe7 25.Bg3 b6 26.Rd5 Rd6 27.Rxd6 Qxd6 28.Bb5 a6 29.Rd1
Qe6 30.Bxa6 Rxc6 31.Bc4 Qc8 32.Bh4 Bf8 33.Rd8 Qc7 34.Qd2 b5 35.Rd7 Qc8 36.Qd5
Re6 37.Qxb5 Rc6 38.Rxf7 Rxc4 39.Rxf8+ Qxf8 40.Qxc4+ Kg7 41.Qc7+ Kh6 42.Qxe5
{#r} 1-0

[Event "Ch World (juniors) (under 18)"]
[Site "masterchessopen.com Szeged (Hungary)"]
[Round "0"]
[White "Nakamura Ryuji (JPN)"]
[Black "Annus Taavi (EST)"]
[Result "0-1"]
[WhiteElo "2186"]
[BlackElo "2210"]

1.d4 Nf6 2.c4 g6 3.Nc3 d5 4.Bf4 Bg7 5.e3 O-O 6.cxd5 Nxd5 7.Nxd5 Qxd5 8.Bxc7
Nc6 9.Ne2 Bg4 10.f3 Rac8 11.Bf4 Qa5+ 12.Nc3 e5 13.dxe5 Be6 14.Be2 Nxe5 15.O-O
Rfd8 16.Qb1 Bc4 17.Rd1 Bxe2 18.Nxe2 Nc4 19.Rxd8+ Rxd8 20.Nd4 g5 21.Bg3 Nxe3
22.Nb3 Qa6 23.Bf2 Rd1+ 24.Qxd1 Nxd1 25.Rxd1 Bxb2 26.Nc5 Qxa2 27.Ne4 Qa5 {#R}
0-1

[Event "It (open)"]
[Site "masterchessopen.com Agios Nikolaos (Greece)"]
[Round "4"]
[White "Ballon Guenther Jan (NED)"]
[Black "Avrukh Boris (ISR)"]
[Result "0-1"]
[WhiteElo "2230"]
[BlackElo "2430"]

1.d4 Nf6 2.c4 g6 3.Nc3 d5 4.Bf4 Bg7 5.e3 O-O 6.cxd5 Nxd5 7.Nxd5 Qxd5 8.Bxc7
Bf5 9.Ne2 Rc8 10.Nc3 Qc6 11.Bg3 Na6 12.Be2 Qxg2 13.Bf3 Qh3 14.Bxb7 Nb4 15.Qf3
e5 16.Bxa8 exd4 17.Ne2 Nc2+ 18.Kd2 Nxa1 19.Nxd4 Bxd4 20.exd4 Nc2 21.Rc1 Qh6+
22.Bf4 Qf8 23.Be4 Qb4+ {#R} 0-1

[Event "It (open)"]
[Site "masterchessopen.com Fuzesabony (Hungary)"]
[Round "3"]
[White "Kiss Pal (HUN)"]
[Black "Horvath Lajos (HUN)"]
[Result "1-0"]
[WhiteElo "2470"]
[BlackElo "2185"]

1.d4 Nf6 2.c4 g6 3.Nc3 d5 4.Bf4 Bg7 5.e3 O-O 6.cxd5 Nxd5 7.Nxd5 Qxd5 8.Bxc7
Nc6 9.Ne2 Bg4 10.f3 Rac8 11.Nc3 Qd7 12.Bf4 Be6 13.Be2 f5 14.O-O Bf7 15.Qa4 a6
16.Rfd1 Rfd8 17.Bc4 Bxc4 18.Qxc4+ Kh8 19.Qe2 Nb4 20.Rac1 e6 21.Be5 Rc6 22.a3
Nd5 23.Nxd5 exd5 24.Qd2 Rdc8 25.h3 Rc4 26.Rxc4 Rxc4 27.Rc1 Qb5 28.Rxc4 dxc4
29.Qb4 Qxb4 30.axb4 Bxe5 31.dxe5 Kg7 32.Kf2 Kf7 33.f4 Ke6 34.Kf3 Kd5 35.g4
{#r} 1-0

[Event "It (open)"]
[Site "masterchessopen.com Sitges (Spain)"]
[Round "9"]
[White "Ballon Guenther Jan (NED)"]
[Black "Oberst Thomas (GER)"]
[Result "1-0"]
[WhiteElo "2230"]
[BlackElo "2297"]

1.d4 Nf6 2.c4 g6 3.Nc3 d5 4.Bf4 Bg7 5.e3 O-O 6.cxd5 Nxd5 7.Nxd5 Qxd5 8.Bxc7
Na6 9.Bxa6 Qxg2 10.Qf3 Qxf3 11.Nxf3 bxa6 12.O-O f6 13.Rac1 Bb7 14.Nd2 e5
15.Nb3 Rac8 16.Bd6 Rfd8 17.Bc5 f5 18.Bxa7 Rxc1 19.Rxc1 f4 20.dxe5 Bxe5 21.Bd4
Bd6 22.Nc5 Bf3 23.Ne6 Re8 24.Nxf4 Bxf4 25.exf4 Rd8 26.Be3 Rd1+ 27.Rxd1 Bxd1
28.Kg2 Kf7 29.f5 gxf5 30.Kg3 Bc2 31.b4 Kf6 32.Kf4 Kg6 33.Bd4 Kh5 34.Bf6 Kg6
35.Bd8 Kf7 36.Kg5 Kg7 37.Bf6+ Kf7 38.Be5 Ke6 39.f4 Kf7 40.h4 Be4 41.Bb2 Bc2
42.Bc3 Be4 43.a4 Bc6 44.b5 axb5 45.a5 Be4 46.a6 Bd3 47.a7 Be4 48.h5 Kf8 49.Kf6
Kg8 50.Bb4 Ba8 51.Kxf5 Kf7 52.Ke5 Bf3 53.f5 Bh1 54.f6 Bg2 55.Bc3 Bh1 56.Kd6 b4
57.Bb2 b3 58.Kc7 Bg2 59.Kb8 {#r} 1-0

[Event "Ch Europe (juniors) (under 16) (g)"]
[Site "masterchessopen.com Zagan (Poland)"]
[Round "11"]
[White "Haslinger Mandy (ENG)"]
[Black "Sorokina Anastasia (AUS)"]
[Result "1-0"]
[WhiteElo "2069"]
[BlackElo "2194"]

1.d4 Nf6 2.c4 g6 3.Nc3 d5 4.Bf4 Bg7 5.e3 O-O 6.cxd5 Nxd5 7.Nxd5 Qxd5 8.Bxc7
Nc6 9.Ne2 Bf5 10.Nc3 Qd7 11.Bg3 Qd8 12.Be2 Qb6 13.Qd2 Rfd8 14.O-O Rac8 15.Rac1
e5 16.d5 e4 17.Bh4 f6 18.Rfd1 Ne5 19.d6 Nd3 20.Bxd3 exd3 21.e4 Bg4 22.Nd5 Qxd6
23.f3 Rxc1 24.Rxc1 Be6 25.Bxf6 Bxf6 26.Nxf6+ Kf7 27.Nxh7 Bxa2 28.Ng5+ Kg8
29.Rc3 Bb1 30.Nh3 Bc2 31.Nf2 Qb6 32.b3 Qd4 33.h3 a5 34.Kh2 b5 35.Ng4 a4
36.bxa4 bxa4 37.Qg5 Qxc3 38.Qxd8+ Kf7 39.Qd7+ Kf8 40.e5 Qb4 41.Qd8+ Kf7
42.Qf6+ Ke8 43.e6 Qd6+ 44.Ne5 Bb3 45.Qf7+ Kd8 46.e7+ Kc7 47.e8=N+ Kb6 48.Qxb3+
axb3 49.Nxd6 Kc5 50.Ne4+ Kd4 51.Nxd3 Kxd3 52.Nc5+ Kc4 53.Nxb3 Kxb3 54.Kg3 Kc4
55.Kg4 Kd5 56.Kg5 Ke6 57.Kxg6 Ke7 58.f4 Kf8 59.f5 Kg8 60.f6 {#r} 1-0

[Event "It (open)"]
[Site "masterchessopen.com Schaan (Liechtenstein)"]
[Round "8"]
[White "Ballon Guenther Jan (NED)"]
[Black "Pribyl Martin (CZE)"]
[Result "0-1"]
[WhiteElo "2270"]
[BlackElo "2320"]

1.d4 Nf6 2.c4 g6 3.Nc3 d5 4.Bf4 Bg7 5.e3 O-O 6.cxd5 Nxd5 7.Nxd5 Qxd5 8.Bxc7
Nc6 9.Ne2 Bg4 10.f3 Rac8 11.Nc3 Qe6 12.Bf4 Bxd4 13.fxg4 g5 14.Bxg5 Rfd8 15.Qc1
Nb4 16.Be2 f6 17.Bf4 Nxa2 18.Qb1 Nxc3 19.bxc3 Bxc3+ 20.Kf2 Bxa1 21.Qxa1 Rd2
22.Re1 Qe4 23.Qxa7 Rcc2 24.Kf1 Rxe2 {#R} 0-1

[Event "It (open)"]
[Site "masterchessopen.com Wuerzburg (Germany)"]
[Round "1"]
[White "Ruzele Darius (LTU)"]
[Black "Willberg Frank (GER)"]
[Result "1-0"]
[WhiteElo "2520"]
[BlackElo "2030"]

1.d4 Nf6 2.c4 g6 3.Nc3 d5 4.Bf4 Bg7 5.e3 O-O 6.cxd5 Nxd5 7.Nxd5 Qxd5 8.Bxc7
Nc6 9.Ne2 Bg4 10.f3 Rac8 11.Bf4 Bxf3 12.gxf3 Qxf3 13.Ng3 Nxd4 14.Qxf3 Nxf3+
15.Kf2 Nh4 16.Bg5 Bxb2 17.Rb1 Rc2+ 18.Be2 Nf5 19.Nxf5 gxf5 20.Rxb2 Rxb2 21.Rg1
h5 22.Bf6+ Kh7 23.Bxb2 {#r} 1-0

[Event "Ch Sachsen"]
[Site "masterchessopen.com Germany"]
[Round "0"]
[White "Neumark Christel (GER)"]
[Black "Grosse Frank (GER)"]
[Result "1-0"]
[WhiteElo "2020"]
[BlackElo "1740"]

1.d4 Nf6 2.c4 g6 3.Nc3 d5 4.Bf4 Bg7 5.e3 O-O 6.cxd5 Nxd5 7.Nxd5 Qxd5 8.Bxc7
Bf5 9.Qb3 Qc6 10.Bxb8 Raxb8 11.Nf3 Rbc8 12.Be2 Qc2 13.Bd1 Qxb3 14.Bxb3 Be4
15.Ke2 Bxf3+ 16.Kxf3 Rc7 17.Rac1 Rfc8 18.Rxc7 Rxc7 19.Ke2 Kf8 20.Rd1 e6 21.Rd3
Ke7 22.Rc3 Kd6 23.Kd3 Kd7 24.Ba4+ Kd8 25.Rxc7 Kxc7 26.Be8 f6 27.h4 Bf8 28.Bf7
Kd7 29.Bg8 h6 30.Bh7 g5 31.h5 Bd6 32.Be4 Kc7 33.b3 f5 34.Bf3 f4 35.Bg4 fxe3
36.fxe3 e5 37.Ke4 exd4 38.exd4 b6 39.Kf5 Kd7 40.Kf6+ Kd8 41.Kg7 Ke7 42.Kxh6
Kf6 43.Kh7 {#r} 1-0

[Event "Ch World (juniors) (under 20) (g)"]
[Site "masterchessopen.com Zagan (Poland)"]
[Round "13"]
[White "Chapelle Emilie (FRA)"]
[Black "Gorshkova Irina (BEL)"]
[Result "1-0"]
[WhiteElo "2012"]
[BlackElo "2132"]

1.d4 Nf6 2.c4 g6 3.Nc3 d5 4.Bf4 Bg7 5.e3 O-O 6.cxd5 Nxd5 7.Nxd5 Qxd5 8.Bxc7
Nc6 9.Ne2 b6 10.Nc3 Qd7 11.Bg3 Bb7 12.Bb5 a6 13.Ba4 b5 14.Bc2 Nb4 15.O-O Nxc2
16.Qxc2 Qc6 17.d5 Qc5 18.e4 b4 19.Qb3 bxc3 20.Qxb7 cxb2 21.Rab1 a5 22.Rfd1
Rfc8 23.Bf4 Bd4 24.Rxb2 Bxb2 25.Qxb2 Qc2 26.Qxc2 Rxc2 27.e5 Rxa2 28.d6 Rd8
29.g3 exd6 30.exd6 Rd7 31.Rc1 f6 32.h4 Kf7 33.Rc8 a4 34.Ra8 Ke6 35.Ra5 Rb7
36.Ra8 Kf5 37.Kg2 Ke6 38.Re8+ Kd5 39.Re7 Kc6 40.Rxb7 Kxb7 41.d7 Rd2 42.Bxd2
Kc7 43.Bc3 f5 44.Kf3 Kxd7 45.Kf4 Ke6 46.Kg5 a3 47.Kh6 f4 48.Kxh7 fxg3 49.fxg3
Kf5 50.Kh6 a2 51.Ba1 {#r} 1-0

[Event "Ch Iran"]
[Site "masterchessopen.com Arak (Iran)"]
[Round "7"]
[White "Ghane Shojaat (IRI)"]
[Black "Mallahi Amir (IRI)"]
[Result "0-1"]
[WhiteElo "2265"]
[BlackElo "2370"]

1.d4 d5 2.Bf4 g6 3.e3 Bg7 4.c4 Nf6 5.Nc3 O-O 6.cxd5 Nxd5 7.Nxd5 Qxd5 8.Bxc7
Na6 9.Bxa6 Qxg2 10.Qf3 Qxf3 11.Nxf3 bxa6 12.Rc1 Bb7 13.Ke2 g5 14.Rhg1 h6 15.h4
f6 16.Rc5 Rac8 17.Rgc1 g4 18.Nd2 f5 19.Nb3 Bf6 20.Bg3 Rxc5 21.Nxc5 Rc8 22.Kd2
Bd5 23.b3 a5 24.Nd7 Rxc1 25.Kxc1 a4 26.bxa4 Bxa2 27.Kb2 Be6 28.Nxf6+ exf6
29.Kc3 Kf7 30.Bb8 a6 31.h5 Ke7 32.Kb4 Bf7 33.Ka5 Bxh5 34.Kxa6 Bf7 35.Bf4 h5
36.Kb7 Bd5+ 37.Kc7 h4 38.Bh2 Ke6 39.a5 f4 40.Bxf4 Kf5 41.Kd6 Ke4 42.a6 f5
43.a7 Ba8 44.Kc5 Bb7 45.Bh2 Ba8 46.Bc7 Bb7 47.Bb8 Ba8 48.Bh2 Bb7 49.Bg1 Ba8
50.Kd6 Kf3 51.Ke5 h3 52.Kxf5 g3 53.fxg3 Kxg3 54.e4 Kg2 55.Kg4 Bxe4 56.Kh4 Bf3
57.d5 Bxd5 {#R} 0-1

[Event "Tournament (open)"]
[Site "masterchessopen.com Budapest (Hungary)"]
[Round "0"]
[White "Tornai Imre (HUN)"]
[Black "Kovacs Zsolt (HUN)"]
[Result "1-0"]
[WhiteElo "2215"]
[BlackElo "2319"]

1.d4 Nf6 2.c4 g6 3.Nc3 d5 4.Bf4 Bg7 5.e3 O-O 6.cxd5 Nxd5 7.Nxd5 Qxd5 8.Bxc7
Nc6 9.Ne2 Bf5 10.Nc3 Qd7 11.Bg3 e5 12.d5 Nb4 13.e4 Bg4 14.f3 Bh5 15.Qb3 Na6
16.Bf2 g5 17.g4 Bg6 18.Be2 Rfc8 19.O-O h5 20.h3 Nc5 21.Qd1 hxg4 22.hxg4 b6
23.Bb5 Qd8 24.Bc6 Rab8 25.Rc1 a6 26.Qe2 Bf8 27.Rfd1 Qf6 28.Be3 b5 29.b4 Nb7
30.Bxb7 Rxb7 31.d6 Qe6 32.Nd5 Rxc1 33.Bxc1 Bxd6 34.Bxg5 Rb8 35.Qd2 Bf8 36.Nf6+
Kg7 37.Qh2 Qxf6 38.Bxf6+ Kxf6 39.g5+ {#r} 1-0

[Event "Cup Sweden (qual)"]
[Site "masterchessopen.com Norrkoeping (Sweden)"]
[Round "0"]
[White "Vernersson Per (SWE)"]
[Black "Isaksson Rolf (SWE)"]
[Result "1-0"]
[WhiteElo "2370"]
[BlackElo "2081"]

1.d4 Nf6 2.c4 g6 3.Nc3 d5 4.Bf4 Bg7 5.e3 O-O 6.cxd5 Nxd5 7.Nxd5 Qxd5 8.Bxc7
Nc6 9.Ne2 Bf5 10.Nc3 Qd7 11.Bg3 Rfd8 12.Be2 e5 13.d5 Qe7 14.e4 Bc8 15.Bd3 Nd4
16.O-O f5 17.f3 f4 18.Bf2 Qg5 19.Kh1 Bd7 20.Ne2 Nb5 21.Qd2 Bf8 22.Rfc1 Qf6
23.Bxb5 Bxb5 24.a4 Ba6 25.Bc5 Rdc8 26.b4 Bxe2 27.Qxe2 b6 28.Bxf8 Qxf8 29.Qb2
Qd6 30.Rc3 a5 31.b5 Qb4 32.Rxc8+ Rxc8 33.Qxe5 Qxa4 34.h3 Qc4 35.Qe6+ Kg7
36.Qxb6 Rc5 37.Qxa5 Rxb5 38.Qd2 g5 39.Rc1 Qb3 40.Qd4+ Kg6 41.Rc6+ Kh5 42.Kh2
Qb2 43.Qf6 Qxf6 44.Rxf6 Rb4 45.d6 g4 46.hxg4+ Kg5 47.e5 h5 48.Rf5+ {#r} 1-0

[Event "It (open)"]
[Site "masterchessopen.com Pardubice (Czech Republic)"]
[Round "8"]
[White "Romanov Oleg (BLR)"]
[Black "Walek Milan (CZE)"]
[Result "1-0"]
[WhiteElo "2380"]
[BlackElo "2295"]

1.d4 Nf6 2.c4 g6 3.Nc3 d5 4.Bf4 Bg7 5.e3 O-O 6.cxd5 Nxd5 7.Nxd5 Qxd5 8.Bxc7
Nc6 9.Ne2 Bg4 10.h3 Bxe2 11.Bxe2 Rac8 12.Bg3 e5 13.dxe5 Qa5+ 14.Qd2 Qxd2+
15.Kxd2 Rfd8+ 16.Ke1 Nxe5 17.Rd1 Rxd1+ 18.Kxd1 Nc6 19.b3 Nb4 20.a3 Bb2 21.Bc4
Bxa3 22.Ke2 a6 23.Ra1 Bb2 24.Rb1 Bf6 25.Bd6 Na2 26.Kf3 b5 27.Bf1 Rd8 28.Bf4 g5
29.Bc7 Rd7 30.Bb6 h5 31.e4 Be5 32.g3 f6 33.Be3 Kf7 34.Bc5 Ke6 35.Be3 Bd4
36.Be2 Ke5 37.Bd2 Bxf2 38.Rb2 Rxd2 39.Rxd2 Nc3 40.Kxf2 Nxe4+ 41.Ke3 Nxd2
42.Kxd2 h4 43.gxh4 gxh4 44.Ke3 Kd5 45.b4 f5 46.Kd3 {#r} 1-0

[Event "Ch Mittelfranken (juniors) (under 17)"]
[Site "masterchessopen.com Postbauer (Germany)"]
[Round "3"]
[White "Weiss Michael (GER)"]
[Black "Dehmel Stefanie (GER)"]
[Result "1-0"]
[WhiteElo "2077"]
[BlackElo "1958"]

1.d4 Nf6 2.c4 g6 3.Nc3 d5 4.Bf4 Bg7 5.e3 O-O 6.cxd5 Nxd5 7.Nxd5 Qxd5 8.Bxc7
Bf5 9.Ne2 Nc6 10.Nc3 Qd7 11.Bg3 Be6 12.Be2 Rac8 13.O-O Na5 14.Rc1 Nc4 15.b3
Nd6 16.Qd2 Bf5 17.Bf3 Bh6 18.Na4 b6 19.Rxc8 Rxc8 20.Rc1 Be4 21.Rxc8+ Qxc8
22.Bxd6 Bxf3 23.Bg3 Bb7 24.f3 e6 25.Kf2 Bd5 26.Be5 f5 27.Qc3 Qd7 28.Qc7 Qxc7
29.Bxc7 b5 30.Nc5 Kf7 31.a3 Bf8 32.b4 Be7 33.Nd3 Kf6 34.Nf4 Bb7 35.Ne2 a6
36.Nc3 Kf7 37.e4 Bf6 38.Ke3 Ke7 39.Ne2 Kd7 40.Bb8 Kc8 41.Ba7 Kd7 42.Kd3 Bd8
43.Nc3 Bf6 44.a4 Bg7 45.axb5 axb5 46.Nxb5 Ba6 47.Kc4 Kc6 48.d5+ Kd7 49.Kc5 Be5
50.dxe6+ Kxe6 51.Nd4+ Kf6 52.g3 Bb7 53.Nc6 Bc7 54.b5 Ke6 55.e5 {#r} 1-0

[Event "Memorial M.Chigorin (open)"]
[Site "masterchessopen.com St. Petersburg (Russia)"]
[Round "8"]
[White "Gutov Andrey (RUS)"]
[Black "Rogovoi Mark (RUS)"]
[Result "0-1"]
[WhiteElo "2406"]
[BlackElo "2225"]

1.d4 Nf6 2.c4 g6 3.Nc3 d5 4.Bf4 Bg7 5.e3 O-O 6.cxd5 Nxd5 7.Nxd5 Qxd5 8.Bxc7
Bf5 9.Ne2 Rc8 10.Nc3 Qc6 11.Bg3 Na6 12.Be2 Qxg2 13.Bf3 Qh3 14.Bxb7 Nb4 15.Bxc8
Rxc8 16.Kd2 Rd8 17.Qa4 Bxd4 18.exd4 Rxd4+ 19.Ke3 Qg4 20.Qe8+ Kg7 21.Be5+ Kh6
22.Qf8+ Kh5 23.Bxd4 Nc2+ 24.Kd2 Qxd4+ 25.Kc1 Qf4+ 26.Kd1 Qf3+ 27.Ne2 Nxa1 {#R}
0-1

[Event "Ch Asia"]
[Site "masterchessopen.com Teheran (Iran)"]
[Round "8"]
[White "Ghane Shojaat (IRI)"]
[Black "Mansour Sameer (JOR)"]
[Result "1-0"]
[WhiteElo "2265"]
[BlackElo "2303"]

1.d4 Nf6 2.c4 g6 3.Nc3 d5 4.Bf4 Bg7 5.e3 O-O 6.cxd5 Nxd5 7.Nxd5 Qxd5 8.Bxc7
Nc6 9.Ne2 Bf5 10.Nc3 Qd7 11.Bg3 e5 12.d5 Nd4 13.Bd3 Bxd3 14.Qxd3 Nf5 15.O-O
Nd6 16.e4 f5 17.f3 Rac8 18.Rfe1 Rfe8 19.Re2 Rc4 20.Rae1 fxe4 21.fxe4 Rec8
22.Bf2 b5 23.Nb1 b4 24.Nd2 Rc2 25.Nb3 Qc7 26.Rxc2 Qxc2 27.Qh3 Rf8 28.Bxa7 Nxe4
29.d6 Nxd6 30.Qe6+ Nf7 31.Bc5 Qf5 32.Qxf5 gxf5 33.Bxf8 Bxf8 34.Rc1 Kg7 35.Nc5
Kg6 36.Na6 e4 37.Rc6+ Kg5 38.h4+ {#r} 1-0

[Event "It (open)"]
[Site "masterchessopen.com Trinec (Czech Republic)"]
[Round "0"]
[White "Likavsky Tomas (SVK)"]
[Black "Bakalarz Grazyna (LUX)"]
[Result "1-0"]
[WhiteElo "2315"]
[BlackElo "2008"]

1.d4 Nf6 2.c4 g6 3.Nc3 d5 4.Bf4 Bg7 5.e3 O-O 6.cxd5 Nxd5 7.Nxd5 Qxd5 8.Bxc7
Na6 9.Bxa6 bxa6 10.Nf3 Bf5 11.Qb3 Qxb3 12.axb3 Rfc8 13.Ba5 Rab8 14.Nd2 Bd3
15.Bc3 Rb6 16.b4 Bb5 17.Nb3 Bh6 18.Nc5 Rd8 19.f4 Bg7 20.g4 f6 21.f5 Bh6 22.Kf2
Bc4 23.Kf3 Kf7 24.e4 gxf5 25.gxf5 Rg8 26.h4 Re8 27.d5 Bb5 28.Ne6 Rc8 29.Nc5
Rd8 30.Ra5 Rdd6 31.Rha1 Bc4 32.Ne6 Bd3 33.Nd4 Rd7 {#r} 1-0